How to advertise (Record no. 86791)
[ view plain ]
| 000 -LEADER | |
|---|---|
| fixed length control field | 00473nam a2200193Ia 4500 |
| 008 - FIXED-LENGTH DATA ELEMENTS--GENERAL INFORMATION | |
| fixed length control field | 230125s9999 xx 000 0 und d |
| 020 ## - INTERNATIONAL STANDARD BOOK NUMBER | |
| International Standard Book Number | 0-312-31859-6 |
| 041 ## - LANGUAGE CODE | |
| Language code of text/sound track or separate title | eng |
| 082 ## - DEWEY DECIMAL CLASSIFICATION NUMBER | |
| Classification number | 659.1 |
| Item number | ROM |
| 100 ## - MAIN ENTRY--PERSONAL NAME | |
| Personal name | Roman K |
| 9 (RLIN) | 110061 |
| 245 ## - TITLE STATEMENT | |
| Title | How to advertise |
| 260 ## - PUBLICATION, DISTRIBUTION, ETC. (IMPRINT) | |
| Date of publication, distribution, etc. | 2003 |
| Name of publisher, distributor, etc. | Rupa & Co. Publisher |
| Place of publication, distribution, etc. | New Delhi |
| 300 ## - PHYSICAL DESCRIPTION | |
| Extent | 268p |
| 500 ## - GENERAL NOTE | |
| Keywords | advertising |
| 650 ## - SUBJECT ADDED ENTRY--TOPICAL TERM | |
| Topical term or geographic name as entry element | Advertising |
| 700 ## - ADDED ENTRY--PERSONAL NAME | |
| Personal name | Roman K & Maas J |
| 9 (RLIN) | 110062 |
| 906 ## - LOCAL DATA ELEMENT F, LDF (RLIN) | |
| b | 29 |
| Withdrawn status | Lost status | Damaged status | Not for loan | Home library | Current library | Date acquired | Vendor | Cost, normal purchase price | Bill number | Total Checkouts | Full call number | Barcode | Date last seen | Cost, replacement price | Bill Date | Koha item type | Original Barcode |
|---|---|---|---|---|---|---|---|---|---|---|---|---|---|---|---|---|---|
| Smt. Hiraben Nanavati Institute of Management & Research for Women | Smt. Hiraben Nanavati Institute of Management & Research for Women | 05/08/2004 | Varma Book Distributor | 195.00 | 571 | 659.1 ROM B04010 | HIMR-BK-4010 | 25/01/2023 | 166.00 | 29/07/2004 | Books | B04010 |